Words that Rhyme with 'Dace' - Statistics

General Stats
  • This quiz has been taken 79 times
  • The average score is 14 of 18
Answer Stats
Hint Answer % Correct
A playing card with a single spot is called an '.........'? Ace
94%
"Hamilton started from the third row and still won the '.......'"? Race
94%
"The factories production could not keep '..........' with the orders coming in"? Pace
93%
"The ship sank without a '.........'" ? Trace
93%
"After the car crash he had to wear a neck '.........'? Brace
91%
"The Police caught the bank robbers after a high-speed '..........'? Chase
89%
'Arsenic and Old '..........'? Lace
89%
"Soho was no '..........' for a Lady"? Place
87%
"She moved through the water with effortless '...........'? Grace
86%
Gagarin became the first human in '.........'? Space
86%
"It was a '........' of mistaken identity"? Case
84%
A spice made from the dried covering of the Nutmeg seed.? Mace
76%
"John Reyes favourite position is Third '........'"? Base
74%
It is against the law to '..........' national currency by writing on it. Deface
70%
"Nothing could '..........' the memory of that night"? Efface
67%
"Work is now proceeding '..........'? Apace
37%
"The pods that '............' the edible portion of the fruits are hard"? Encase
33%
"He wouldn't '.........' himself by doing manual labour"? Debase
31%
No matching quizzes found
Score Distribution
Percent of People with Each Score
Percentile by Number Answered
Your Score History
You have not taken this quiz